000 01134nam a2200277 i 4500
001 bg
245 0 0 _aZa chlebem ... wrócić czy zostać? Młodzi Polacy w poszukiwaniu swojej szansy rok po wstąpieniu Polski do Unii Europejskiej :
_bmateriały pokonferencyjne /
_c[kom. nauk. Lech Milian et al.] ; Akademia im. Jana Długosza, Politechnika Częstochowska.
260 _aCzęstochowa :
_bSekcja Wydawnictw Wydziału Zarządzania Politechniki Częstochowskiej,
_c2005.
300 _a166 s. :
_bwykr. ;
_c24 cm.
504 _aBibliogr. przy ref.
610 2 9 _aUnia Europejska
_xa Polska
_xzatrudnienie
650 9 _aRynek pracy
_zPolska
_yod 2001 r.
650 9 _aEmigracja zarobkowa
_zPolska
_yod 2001 r.
651 9 _aPolska
_xa Unia Europejska
_xzatrudnienie
655 _aMateriały konferencyjne
700 1 _aMILIAN, Lech
710 0 _aAkademia im. Jana Długosza
710 0 _aPolitechnika Częstochowska
020 _a8388469886
040 _cBPK
041 0 _apol
080 _a331.5:314.74:332.1](438:4-67)"2001/..."(061.3)
920 _a83-88469-88-6
942 _cKS
008 s pl f |000 0 pol
999 _c52718
_d52718
856 _uhttp://koha.tu.koszalin.pl/cgi-bin/koha/opac-detail.pl?biblionumber=52718
_yKatalog online BPK